000 01763cam a2200157 4500500
005 20260405064227.0
041 _afre
042 _adc
100 1 0 _aMartin, Jean-Pierre
_eauthor
700 1 0 _aMartin, Jean-Pierre
_eauthor
700 1 0 _aRoyot, Daniel
_eauthor
245 0 0 _aHistoire et civilisation des États-Unis : Textes et documents commentés du XVIIe siècle à nos jours
260 _bArmand Colin,
_c2005.
520 _aDe l'époque du Mayflower à la présidence de George Walker Bush, Histoire et civilisation des États-Unis propose un ensemble de textes en langue originale traduisant l'évolution de ce vaste pays et donnant la parole aux acteurs individuels et collectifs de l'histoire américaine. L'angliciste, l'historien, le juriste, le spécialiste des sciences politiques trouveront également dans cet ouvrage un réseau serré de références, de notes, de citations et de commentaires en français qui leur permettront d'étudier directement les thèmes fondamentaux de la civilisation américaine dans leurs aspects institutionnels, politiques, sociaux et économiques. Jean-Pierre Martin est professeur émérite d'histoire de la civilisation américaine à l'université de Provence. Il a publié divers ouvrages et articles portant sur l'histoire religieuse et intellectuelle des États-Unis. Daniel Royot, professeur émérite à l'université Paris-III Sorbonne Nouvelle, est spécialiste de l'histoire culturelle des États-Unis où il a enseigné dans plusieurs universités. Il est l'auteur de nombreuses publications dans le domaine de la civilisation et de la littérature américaines.
856 4 1 _uhttps://shs.cairn.info/histoire-et-civilisation-des-etats-unis--9782200342616?lang=fr&redirect-ssocas=7080
999 _c2186388
_d2186388